Text Featured on Flags to Country - Click Quiz - Statistics

General Stats
  • This quiz has been taken 10 times
  • The average score is 7 of 34
Answer Stats
Hint Answer % Correct
ORDEM E PROGRESSO (Order and Progress) Brazil
70%
Tenochtitlan México
70%
Shahada, Allahu Akbar, 1298, (Name) (لا إله إلا الله، محمد رسول الله, اللهُ اكبر ١٢٩٨, افغانستان) Afghānistān
50%
TAAF French Southern and Antarctic Lands
50%
DIOS, PATRIA, LIBERTAD (God, Homeland, Liberty), "El Santo Evangelio Segun San Juan CAPITULO VIII 31 Y decia Jesus a los judios que le habian creido Si vosotros permanecereis en mi palabra sereis verdaderamente mis discipilos 32. Y conocereis la verdad, y la verdad os hara libres.", (NAME) Dominican Republic
40%
Allahu Akbar (الله اكبر) Iraq
40%
There is no god but God; Muhammad is the messenger of God (لَا إِلهَ إِلَّا اللَّهُ، مُحَمَّدٌ رَسُولُ اللَّهِ) Saudi Arabia + Somaliland
40%
Always in service with God's guidance, (Name) Darussalam (الدائمون المحسنون بالهدى‎, بروني دارالسلام) Brunei
30%
Arab Republic of (Name) (جمهورية مصر العربية) Egypt
30%
REPÚBLICA DE (NAME) EN LA AMÉRICA CENTRAL, 15 SEPTIEMBRE DE 1821, DIOS, UNION, LIBERTAD (God, Union, Liberty) El Salvador
30%
LIBERTAD 15 DE SEPTIEMBRE DE 1821 Guatemala
30%
REPUBLICA DEL (NAME) / PAZ Y JUSTICIA (Peace and Justice) Paraguay
30%
VIRTVS VNITA FORTIOR (United virtue is stronger) Andorra
20%
HE HATH FOUNDED IT UPON THE SEAS (Psalm 24:2 KJV) Cayman Islands
20%
(TERRITORY NAME), (Territory Name) Guam + Saint-Martin
20%
Allahu Akbar, Allahu Akbar, Allahu Akbar, Allahu Akbar, Allahu Akbar, Allahu Akbar, Allahu Akbar, Allahu Akbar, Allahu Akbar, Allahu Akbar, Allahu Akbar, Allahu Akbar, Allahu Akbar, Allahu Akbar, Allahu Akbar, Allahu Akbar, Allahu Akbar, Allahu Akbar, Allahu Akbar, Allahu Akbar, Allahu Akbar, Allahu Akbar (الله اكبر) Irân
20%
PLVS VLTRA (Further Beyond) Spain
20%
V I United States Virgin Islands
20%
(COUNTRY NAME) Bolivia
10%
VIGILATE (Be vigilant) British Virgin Islands
10%
AMERICA CENTRAL, REPUBLICA DE (NAME) Costa Rica
10%
DESIRE THE RIGHT Falkland Islands
10%
L'UNION FAIT LA FORCE (Unity makes strength) Haiti
10%
LIBERTAS (Freedom) San Marino
10%
LEO TERRAM PROPRIAM PROTEGAT (Let the lion protect its own land) South Georgia and the South Sandwich Islands
10%
H, H, H, H, H, H, H, H Türkmenistan
10%
SUB UMBRA FLOREO (Under the Shade I Flourish) Belize
0%
UNIDAD, PAZ, JUSTICIA (Unity, Peace, Justice) Equatorial Guinea
0%
FOR GALLANTRY Malta
0%
(NAME), RA HACHIRI (We are vigilant) Mayotte
0%
REPUBLICA DE (NAME), AMERICA CENTRAL Nicaragua
0%
OUANALAO Saint-Barthélemy
0%
SEMPER PRO GREDIENS (Always progressing) Sint Maarten
0%
OUR FAITH IS OUR STRENGTH Tristan da Cunha
0%
No matching quizzes found
Score Distribution
Percent of People with Each Score
Percentile by Number Answered
Your Score History
You have not taken this quiz